Príliv v prístave

Bibliographic Details
Main Author: Berová, Elena (Author)
Format: Article
Language:Slovak
PhysicalDescription:Fot. 3.
Subjects:

MARC

LEADER 00000nab a2200000 a 4500
001 vtls000358418
003 SK-MaSNL
005 20260302223647.0
008 160202c1989 xo 0 slo
015 |a SNBRB19rr/mm-uuuuu 
035 |a CL0358540 
040 |a SNKBUCL  |b slo  |c SNKBUCL  |e AACR2 
041 0 |a slo 
044 |a xo  |c SK 
080 |a 323.113(439=854)  |2 1981 
080 |a 885.4 (439)  |2 1981 
100 1 |a Berová, Elena  |4 aut  |9 953659 
245 1 0 |a Príliv v prístave  |c Elena Berová 
300 |b Fot. 3. 
650 0 7 |a Slováci v MĽR  |2 snkbucl  |9 953660 
650 0 7 |a literatúra slovenská  |z Maďarsko  |2 snkbucl  |9 844237 
655 7 |a články z novín a časopisov  |2 snkbucl  |9 267496 
655 7 |a články z odboru literárna veda a krásna literatúra  |2 snkbucl  |9 770045 
773 0 |t Sloboda  |g Roč. 44, č. 31 (1989), s. 7 
850 |a Slovenská národná knižnica v Martine  |a MTA001 
852 |a SNK  |b KIS3GCP 
958 |a RK 
958 |a HU 
958 |a LX 
992 |a RBX 
999 |c 1521293  |d 1523223